Gobierno de la audiencia de Quito

I tiakina i:
Ngā taipitopito rārangi puna kōrero
Hōputu: Pukapuka
Reo:Pāniora
I whakaputaina: Quito Corporación de Estudios y Publicaciones 1995
Rangatū:Biblioteca Ecuatoriana Clásica, 34
Ngā marau:
Ngā Tūtohu: Tāpirihia he Tūtohu
Kāore He Tūtohu, Me noho koe te mea tuatahi ki te tūtohu i tēnei pūkete!

MARC

LEADER 00000nam a2200000 a 4500
001 UCM2416
003 CL-VaPUC
008 020510e19950000EC |||||||||||||||||spa|d
082 0 4 |a 986.6  |b GOB  |2 21 
245 1 0 |a Gobierno de la audiencia de Quito 
300 |a 615 p 
942 |c BK 
945 |d 20020510 00:00:00  |a cmena 
260 |a Quito  |b Corporación de Estudios y Publicaciones  |c 1995 
650 7 |a HISTORIA DE ECUADOR  |2 CL-VaPUC  |9 447636 
650 0 |a Derecho Indiano  |9 256266 
583 |a last modification  |c 20020510 00:00:00  |k Rodrigo Vera 
490 0 |a Biblioteca Ecuatoriana Clásica, 34 
999 |c 300265  |d 300263 
952 |0 0  |1 0  |4 0  |6 986_600000000000000_GOB_1995  |7 0  |8 P  |9 357837  |a BIBEDU  |b BIBEDU  |c BIBEDU_PB  |d 2019-11-21  |i 3670856  |o 986.6 GOB 1995  |p 3670856  |r 2024-01-25  |w 2019-11-21  |y BK  |k LIT